[Event "Saint Louis Open"]
[Site "?"]
[Date "2010.04.11"]
[Round "4"]
[White "Tong, William"]
[Black "Ho, Randy"]
[Result "1/2-1/2"]
[WhiteElo "1877"]
[BlackElo "2019"]
[PlyCount "102"]
[EventDate "2010.??.??"]
[SourceDate "2010.04.10"]

1. d4 d6 2. e4 Nf6 3. Nc3 c6 4. Nf3 Bg4 5. Be2 e6 6. O-O Be7 7. Bg5 O-O 8. Qd2
d5 9. exd5 cxd5 10. Bxf6 Bxf6 11. Nd1 Nc6 12. c3 Qc7 13. Ne3 Bh5 14. h3 Rad8
15. Rad1 a6 16. Rfe1 b5 17. a3 Na5 18. Ng4 Be7 19. Nfe5 Bg6 20. Nxg6 hxg6 21.
Ne5 Nc4 22. Bxc4 bxc4 23. Nxg6 fxg6 24. Rxe6 Rd6 25. Qe2 Bf6 26. Re1 Qb6 27.
Rxd6 Qxd6 28. Qc2 Bh4 29. Re2 Rf5 30. b4 Bd8 31. Re8+ Rf8 32. Re5 Bf6 33. Re3
Bh4 34. g3 Bg5 35. f4 Bxf4 36. gxf4 Qxf4 37. Qe2 Rf5 38. Re5 Rg5+ 39. Rxg5
Qxg5+ 40. Kh2 Kf7 41. Qf3+ Ke6 42. a4 Qd2+ 43. Kg3 Qe1+ 44. Kg2 Qd2+ 45. Kg3
Qe1+ 46. Kf4 Kd6 47. Kg4 Qe6+ 48. Kg3 Qe1+ 49. Kg4 Qe6+ 50. Kg5 Qe8 51. Qf4+
Kc6 1/2-1/2

[Event "Saint Louis Open"]
[Site "?"]
[Date "2010.04.11"]
[Round "4"]
[White "Luther, Ronald G"]
[Black "Prather, Chris"]
[Result "1-0"]
[WhiteElo "2216"]
[BlackElo "1898"]
[PlyCount "81"]
[EventDate "2010.??.??"]
[SourceDate "2010.04.10"]

1. e4 c5 2. Nc3 Nc6 3. g3 g6 4. Bg2 Bg7 5. d3 d6 6. Be3 Nf6 7. h3 O-O 8. Nge2
e5 9. O-O Nd4 10. g4 Bd7 11. Ng3 b5 12. f4 exf4 13. Bxf4 Bc6 14. Qd2 Re8 15.
Rf2 Ne6 16. Bh6 Nd7 17. Bxg7 Kxg7 18. Raf1 Ne5 19. Rf6 Qxf6 20. Rxf6 Kxf6 21.
Qh6 Ke7 22. Nd5+ Bxd5 23. exd5 Nf8 24. Ne4 Nfd7 25. Qh4+ f6 26. Qxh7+ Nf7 27.
Qxg6 Rg8 28. Qf5 Kd8 29. Qe6 Rf8 30. Nxd6 Nxd6 31. Qxd6 Rb8 32. Be4 Rb6 33. Qf4
Ra6 34. a3 b4 35. axb4 cxb4 36. Bf5 Ra1+ 37. Kf2 Ne5 38. Qxb4 Ke8 39. Qb8+ Kf7
40. Qc7+ Ke8 41. d6 1-0

[Event "Saint Louis Open"]
[Site "?"]
[Date "2010.04.11"]
[Round "5"]
[White "Swinger, Nathan"]
[Black "Tong, William"]
[Result "1/2-1/2"]
[WhiteElo "1980"]
[BlackElo "1877"]
[PlyCount "32"]
[EventDate "2010.??.??"]
[SourceDate "2010.04.10"]

1. e4 e6 2. d4 d5 3. Nc3 Bb4 4. e5 c5 5. a3 Bxc3+ 6. bxc3 Qc7 7. Qg4 f5 8. exf6
Nxf6 9. Qg3 Qa5 10. Bd2 O-O 11. f3 Nc6 12. Qd6 cxd4 13. cxd4 Qb6 14. c3 Bd7 15.
Bd3 Rae8 16. Rb1 Qd8 1/2-1/2

[Event "Saint Louis Open"]
[Site "?"]
[Date "2010.04.11"]
[Round "5"]
[White "Holliman, Bob"]
[Black "Veech, John"]
[Result "1-0"]
[WhiteElo "2202"]
[BlackElo "2052"]
[PlyCount "67"]
[EventDate "2010.??.??"]
[SourceDate "2010.04.10"]

1. d4 d5 2. Nf3 Nf6 3. e3 Bf5 4. c4 c6 5. Nc3 e6 6. Nh4 Bg6 7. Nxg6 hxg6 8.
cxd5 exd5 9. a3 Bd6 10. h3 Nbd7 11. Bd3 Qe7 12. b4 Ne4 13. Qc2 f5 14. b5 O-O
15. bxc6 bxc6 16. O-O Ndf6 17. Nxe4 fxe4 18. Be2 c5 19. dxc5 Bxc5 20. Bb2 Rac8
21. Qd2 Bd6 22. a4 Bb8 23. Bxf6 gxf6 24. Qxd5+ Kg7 25. Rab1 Rfd8 26. Rb7 Bc7
27. Qb3 Qe5 28. g3 Rd2 29. Qc4 Kh6 30. Rfb1 Bb6 31. Qxc8 Rxe2 32. Qh8+ Kg5 33.
Qh4+ Kf5 34. Qg4# 1-0

[Event "Saint Louis Open"]
[Site "?"]
[Date "2010.04.11"]
[Round "4"]
[White "Wood, Chris"]
[Black "Steiner, Tim C"]
[Result "0-1"]
[WhiteElo "1930"]
[BlackElo "2077"]
[PlyCount "62"]
[EventDate "2010.??.??"]
[SourceDate "2010.04.10"]

1. Nf3 Nf6 2. c4 g6 3. Nc3 Bg7 4. e4 d6 5. d4 O-O 6. Be2 e5 7. d5 a5 8. Bg5 Na6
9. Nd2 Nc5 10. b3 Bd7 11. a3 Qe8 12. O-O Kh8 13. Qc2 Ng8 14. b4 axb4 15. axb4
Na6 16. Qb3 Bh6 17. Bxh6 Nxh6 18. Nb5 Qd8 19. Rfc1 b6 20. Na3 f5 21. c5 bxc5
22. Bxa6 Rxa6 23. bxc5 Qg5 24. Nf3 Qf4 25. exf5 Nxf5 26. Qb2 Ra4 27. c6 Bc8 28.
Nb5 Rb4 29. Qe2 Ba6 30. g3 Bxb5 31. Qxb5 Qxc1+ 0-1

[Event "Saint Louis Open"]
[Site "?"]
[Date "2010.04.11"]
[Round "5"]
[White "Bartotto, Derrick"]
[Black "Gaul, Tom"]
[Result "1-0"]
[WhiteElo "1614"]
[BlackElo "1787"]
[PlyCount "60"]
[EventDate "2010.??.??"]
[SourceDate "2010.04.10"]

1. e4 e6 2. d4 d5 3. exd5 exd5 4. Nf3 Bd6 5. Bd3 Ne7 6. O-O Nbc6 7. c3 Bg4 8.
h3 Be6 9. Re1 Qd7 10. Ng5 O-O-O 11. Nxe6 fxe6 12. Bg5 Rdf8 13. Qe2 e5 14. Bxe7
Qxe7 15. dxe5 Bc5 16. Rf1 Nxe5 17. Nd2 Qf6 18. Kh1 h5 19. Rae1 Nxd3 20. Qxd3 c6
21. Nf3 Bd6 22. Re2 g5 23. Rfe1 g4 24. Re6 Qf4 25. Ne5 Bxe5 26. R6xe5 Qxf2 27.
Qg6 Kc7 28. R1e2 Qf1+ 29. Kh2 g3+ 30. Qxg3 Rhg8 1-0

[Event "Saint Louis Open"]
[Site "?"]
[Date "2010.04.11"]
[Round "5"]
[White "Zenyuk, Iryna"]
[Black "Prather, Chris"]
[Result "1-0"]
[WhiteElo "2280"]
[BlackElo "1898"]
[PlyCount "51"]
[EventDate "2010.??.??"]
[SourceDate "2010.04.10"]

1. d4 d5 2. c4 e6 3. Nf3 Nf6 4. Nc3 c6 5. Bg5 dxc4 6. e4 b5 7. e5 h6 8. Bh4 g5
9. Nxg5 Nd5 10. Nxf7 Qxh4 11. Nxh8 Bb4 12. Qd2 Bxc3 13. bxc3 Qe4+ 14. Be2 Nf4
15. f3 Nxg2+ 16. Kf2 Qh7 17. Ng6 Qxg6 18. Rag1 Nd7 19. Rxg2 Qh7 20. Rhg1 Kd8
21. Rg7 Qf5 22. Qxh6 Kc7 23. R1g5 Qf4 24. Qxe6 Qxh2+ 25. Kf1 Qf4 26. R5g6 1-0

[Event "Saint Louis Open"]
[Site "?"]
[Date "2010.04.11"]
[Round "4"]
[White "Cheng, Tony"]
[Black "Hall, Bill"]
[Result "1/2-1/2"]
[WhiteElo "1853"]
[BlackElo "2095"]
[PlyCount "57"]
[EventDate "2010.??.??"]
[SourceDate "2010.04.10"]

1. e4 d5 2. exd5 Nf6 3. d4 Bg4 4. f3 Bf5 5. c4 e6 6. dxe6 Nc6 7. Be3 Nb4 8. Na3
fxe6 9. g4 Bg6 10. Nh3 c6 11. Nf4 Qa5 12. Kf2 Bf7 13. Nc2 Nxc2 14. Qxc2 g5 15.
Ne2 h5 16. gxh5 g4 17. f4 Qxh5 18. Ng3 Qh4 19. Bg2 Bh6 20. Qd2 Bg6 21. Kg1 O-O
22. Rf1 Nh5 23. b4 Rad8 24. Nxh5 Bxh5 25. Qf2 Qe7 26. h3 g3 27. Qxg3+ Kh8 28.
f5 Bg7 29. Kh2 1/2-1/2

[Event "Saint Louis Open"]
[Site "?"]
[Date "2010.04.11"]
[Round "4"]
[White "Nakamura, Hikaru"]
[Black "Abrahamyan, Tatev"]
[Result "1-0"]
[WhiteElo "2817"]
[BlackElo "2369"]
[PlyCount "61"]
[EventDate "2010.??.??"]
[SourceDate "2010.04.10"]

1. d4 Nf6 2. c4 c5 3. d5 b5 4. cxb5 a6 5. f3 e6 6. e4 exd5 7. e5 Qe7 8. Qe2 Ng8
9. Nc3 Bb7 10. Nh3 c4 11. Nf4 axb5 12. Nfxd5 Bxd5 13. Nxd5 Qc5 14. Qe4 Ra4 15.
Nc3 Ra6 16. a4 Nf6 17. Qe3 Re6 18. f4 d5 19. Qxc5 Bxc5 20. axb5 O-O 21. Be2 Bb4
22. Bd2 Bxc3 23. Bxc3 Ne4 24. Rd1 Nd7 25. Rxd5 Nb6 26. Rd4 Nxc3 27. bxc3 f6 28.
Bxc4 Nxc4 29. Rxc4 fxe5 30. O-O e4 31. Rb4 1-0

[Event "Saint Louis Open"]
[Site "?"]
[Date "2010.04.11"]
[Round "5"]
[White "Donofrio, Leo"]
[Black "Garnier, Joe"]
[Result "0-1"]
[WhiteElo "1864"]
[BlackElo "1950"]
[PlyCount "44"]
[EventDate "2010.??.??"]
[SourceDate "2010.04.10"]

1. d4 d5 2. Nf3 Nf6 3. e3 c5 4. dxc5 Nc6 5. c4 e6 6. Nc3 Bxc5 7. cxd5 exd5 8.
Bb5 O-O 9. O-O Bg4 10. Be2 Bb4 11. Qb3 Bxc3 12. Qxc3 Ne4 13. Qb3 Qd7 14. h3 Be6
15. Nd4 Nxd4 16. exd4 f5 17. Re1 f4 18. Bd3 f3 19. Bxe4 dxe4 20. Qe3 Bxh3 21.
g3 Rae8 22. Kh2 Bg2 0-1

[Event "Saint Louis Open"]
[Site "?"]
[Date "2010.04.11"]
[Round "5"]
[White "Ho, Randy"]
[Black "Cheng, Tony"]
[Result "1-0"]
[WhiteElo "2019"]
[BlackElo "1853"]
[PlyCount "91"]
[EventDate "2010.??.??"]
[SourceDate "2010.04.10"]

1. e4 c5 2. c3 g6 3. d4 cxd4 4. cxd4 d5 5. exd5 Nd7 6. Nc3 Ngf6 7. d6 exd6 8.
Nf3 Bg7 9. Bf4 O-O 10. Bxd6 Re8+ 11. Be2 Qb6 12. Ba3 Nf8 13. O-O Ne6 14. Bc4 a6
15. Re1 Bd7 16. Qb3 Qc7 17. Nd5 Nxd5 18. Bxd5 Nd8 19. Be7 Bc6 20. Bh4 Bxd5 21.
Rxe8+ Bf8 22. Qxd5 Rc8 23. Bxd8 Qf4 24. Bg5 Qb8 25. Rxc8 Qxc8 26. Ne5 Qe8 27.
Bf6 b5 28. h3 Bg7 29. Bxg7 Kxg7 30. Qd7 Qf8 31. Rc1 h5 32. Rc7 b4 33. Qxf7+
Qxf7 34. Rxf7+ Kh6 35. h4 b3 36. axb3 a5 37. Rf6 a4 38. Rxg6+ Kh7 39. bxa4 Kh8
40. Kh2 Kh7 41. Kg3 Kh8 42. Kf4 Kh7 43. Kf5 Kh8 44. Kf6 Kh7 45. Kf7 Kh8 46.
Rh6# 1-0

[Event "Saint Louis Open"]
[Site "?"]
[Date "2010.04.11"]
[Round "4"]
[White "Friedel, Joshua E"]
[Black "Zenyuk, Iryna"]
[Result "1-0"]
[WhiteElo "2596"]
[BlackElo "2280"]
[PlyCount "67"]
[EventDate "2010.??.??"]
[SourceDate "2010.04.10"]

1. e4 c5 2. Nf3 d6 3. d4 cxd4 4. Nxd4 Nf6 5. Nc3 g6 6. Be3 Bg7 7. f3 Nc6 8. Qd2
O-O 9. O-O-O Bd7 10. h4 Rc8 11. g4 Ne5 12. Be2 Qa5 13. h5 Rxc3 14. Qxc3 Qxa2
15. Qa3 Qxa3 16. bxa3 Rc8 17. h6 Bh8 18. g5 Nh5 19. f4 Nc4 20. Bxc4 Rxc4 21. e5
Rc3 22. Rhe1 Rxa3 23. Nb3 b6 24. exd6 e6 25. Bd4 f6 26. gxf6 Kf7 27. Be5 Bxf6
28. Re4 g5 29. Kb2 Ra6 30. fxg5 Bxg5 31. Rg4 Bf6 32. Rf1 Ra4 33. Rxf6+ Nxf6 34.
Rg7+ 1-0

[Event "Saint Louis Open"]
[Site "?"]
[Date "2010.04.11"]
[Round "4"]
[White "Amanov, Mesgen"]
[Black "Gurevich, Daniel"]
[Result "1-0"]
[WhiteElo "2469"]
[BlackElo "2136"]
[PlyCount "65"]
[EventDate "2010.??.??"]
[SourceDate "2010.04.10"]

1. d4 Nf6 2. c4 g6 3. Nf3 Bg7 4. g3 O-O 5. Bg2 d6 6. O-O Nc6 7. Nc3 e5 8. d5
Ne7 9. e4 Ne8 10. Be3 f5 11. Qd2 Nf6 12. Ng5 Ng4 13. Ne6 Bxe6 14. dxe6 Nxe3 15.
fxe3 c6 16. Rad1 Bh6 17. Rfe1 Qb6 18. Qxd6 Bxe3+ 19. Kh1 Bg5 20. exf5 Qxb2 21.
f6 Bxf6 22. Ne4 Nf5 23. Nxf6+ Rxf6 24. Qd7 Ng7 25. Rb1 Qc3 26. Qxb7 Re8 27.
Bxc6 e4 28. Bxe4 Nxe6 29. Bd5 Qd3 30. Rbd1 Qc2 31. Qd7 Kf8 32. Bxe6 Rf2 33.
Qxe8+ 1-0

[Event "Saint Louis Open"]
[Site "?"]
[Date "2010.04.11"]
[Round "4"]
[White "Davies, Jim"]
[Black "Donofrio, Leo"]
[Result "0-1"]
[WhiteElo "2008"]
[BlackElo "1864"]
[PlyCount "86"]
[EventDate "2010.??.??"]
[SourceDate "2010.04.10"]

1. e4 Nc6 2. Nf3 d5 3. exd5 Qxd5 4. Nc3 Qd6 5. Be2 Bf5 6. d3 O-O-O 7. Be3 a6 8.
Qd2 Nf6 9. Rd1 e5 10. Qc1 Nd4 11. O-O Nxe2+ 12. Nxe2 Bg4 13. Ng3 Bxf3 14. gxf3
Qe6 15. Bg5 h5 16. h4 Rd7 17. f4 exf4 18. Qxf4 Bd6 19. Qf5 Qxa2 20. Ne4 Nxe4
21. dxe4 Qe6 22. Qxe6 fxe6 23. Rd3 Be5 24. Rb3 Rd4 25. f3 Bf6 26. Kg2 Bxg5 27.
hxg5 Rd2+ 28. Rf2 Rhd8 29. Rc3 g6 30. Rxd2 Rxd2+ 31. Kg3 Kd7 32. f4 Rd1 33. f5
exf5 34. exf5 gxf5 35. Kf4 Rf1+ 36. Ke5 f4 37. g6 f3 38. g7 Rg1 39. Kf6 f2 40.
Rd3+ Kc6 41. Rc3+ Kb6 42. Rb3+ Ka7 43. Rf3 f1=Q 0-1

[Event "Saint Louis Open"]
[Site "?"]
[Date "2010.04.11"]
[Round "4"]
[White "Howe, Bob"]
[Black "Rodriguez, Cesareo"]
[Result "1/2-1/2"]
[WhiteElo "1699"]
[BlackElo "1815"]
[PlyCount "68"]
[EventDate "2010.??.??"]
[SourceDate "2010.04.10"]

1. e4 e6 2. d4 d5 3. Nd2 c5 4. dxc5 Bxc5 5. Nb3 Bb4+ 6. c3 Be7 7. exd5 exd5 8.
Bb5+ Nc6 9. Nf3 a6 10. Be2 Nf6 11. O-O O-O 12. h3 Qc7 13. Be3 Bf5 14. Bc5 Rfe8
15. Bxe7 Rxe7 16. Nbd4 Be4 17. Bd3 Rae8 18. Nc2 Qf4 19. Bxe4 dxe4 20. Nfd4 Rd7
21. Qc1 Qxc1 22. Raxc1 Ne5 23. Rcd1 Rc7 24. Ne3 g6 25. f3 Rd7 26. fxe4 Nxe4 27.
Rfe1 f5 28. Nf1 Red8 29. Nd2 Nd3 30. Nxe4 fxe4 31. Re2 Nc5 32. Rf1 a5 33. Rf6
Rd6 34. Rxd6 Rxd6 1/2-1/2

[Event "Saint Louis Open"]
[Site "?"]
[Date "2010.04.11"]
[Round "4"]
[White "Veech, John"]
[Black "Schmidt, Brad"]
[Result "1-0"]
[WhiteElo "2052"]
[BlackElo "1802"]
[PlyCount "97"]
[EventDate "2010.??.??"]
[SourceDate "2010.04.10"]

1. d4 Nf6 2. c4 g6 3. g3 Bg7 4. Bg2 c5 5. Nf3 O-O 6. O-O cxd4 7. Nxd4 Nc6 8.
Nc3 a6 9. Nc2 d6 10. Qd2 Qc7 11. Ne3 e6 12. b3 Rb8 13. Ba3 Rd8 14. Rac1 Ne8 15.
Rfd1 f5 16. Ncd5 Qf7 17. Nb6 Bd4 18. Nxc8 Rbxc8 19. Nd5 Bg7 20. Qe3 Kh8 21. Nb4
Nxb4 22. Bxb4 Rd7 23. Qb6 Qe7 24. Rd3 Rcd8 25. Rcd1 Bf6 26. e4 fxe4 27. Bxe4
Qg7 28. Bxd6 Be7 29. Bxe7 Rxd3 30. Rxd3 Rxd3 31. Bxd3 Qxe7 32. Be4 Nd6 33. Bf3
Qf6 34. Kg2 e5 35. c5 e4 36. Bg4 e3 37. fxe3 Qb2+ 38. Kh3 h5 39. Qxd6 hxg4+ 40.
Kxg4 Qxa2 41. Qb8+ Kh7 42. Qxb7+ Kh6 43. h4 Qf2 44. Qf3 Qb2 45. Qf8+ Kh7 46.
Qf7+ Kh6 47. c6 Qe2+ 48. Qf3 Qb5 49. Kh3 1-0

[Event "Saint Louis Open"]
[Site "?"]
[Date "2010.04.11"]
[Round "4"]
[White "Davidson, Robert"]
[Black "Karlow, Nick"]
[Result "0-1"]
[WhiteElo "1846"]
[BlackElo "2004"]
[PlyCount "124"]
[EventDate "2010.??.??"]
[SourceDate "2010.04.10"]

1. e4 c5 2. Nf3 d6 3. c3 Nf6 4. h3 g6 5. Bd3 Bg7 6. O-O O-O 7. Bc2 Nc6 8. Re1
Nd7 9. d4 cxd4 10. cxd4 Qb6 11. Nc3 Nxd4 12. Nxd4 Qxd4 13. Nd5 e6 14. Ne7+ Kh8
15. Qe2 Qf6 16. Nxc8 Rfxc8 17. Rb1 a6 18. Rd1 Rc6 19. b4 b5 20. Bb2 Qe7 21.
Bxg7+ Kxg7 22. a4 Ne5 23. f4 Nc4 24. Bb3 Qa7+ 25. Kh1 Qc7 26. Rbc1 Rc8 27. axb5
axb5 28. Ra1 Qb6 29. Rd3 R8c7 30. Rf3 Qd4 31. Rd1 Qf6 32. e5 dxe5 33. Bxc4 Rxc4
34. fxe5 Qe7 35. Rd6 Qg5 36. Rd2 Rxb4 37. Kh2 Rbc4 38. g3 Re4 39. Qf2 Qxe5 40.
Rfd3 Re1 41. Qd4 Qxd4 42. Rxd4 Rec1 43. Kg2 R1c2 44. Kf3 Rxd2 45. Rxd2 Rc3+ 46.
Kf4 b4 47. h4 b3 48. Rb2 h5 49. Rg2 Rc2 50. Rg1 b2 51. Rb1 Kf6 52. Ke4 e5 53.
Kd3 Rg2 54. Ke4 Ke6 55. Kf3 Rc2 56. g4 hxg4+ 57. Kxg4 f5+ 58. Kg5 Rg2+ 59. Kh6
Kf7 60. Rd1 Rd2 61. Rg1 Rd4 62. Kg5 Rg4+ 0-1

[Event "Saint Louis Open"]
[Site "?"]
[Date "2010.04.11"]
[Round "4"]
[White "Vehyl, Stanley"]
[Black "Manley, Charles"]
[Result "1-0"]
[WhiteElo "709"]
[BlackElo "906"]
[PlyCount "71"]
[EventDate "2010.??.??"]
[SourceDate "2010.04.10"]

1. e4 d5 2. e5 d4 3. d3 c5 4. Nf3 Nc6 5. Bf4 Bg4 6. Be2 Qd5 7. O-O O-O-O 8. c3
Bxf3 9. Bxf3 Qd7 10. Qe2 e6 11. Nd2 dxc3 12. bxc3 Qxd3 13. Qxd3 Rxd3 14. Ne4 h5
15. Rfd1 Rxd1+ 16. Rxd1 Be7 17. Nd6+ Bxd6 18. exd6 Kd7 19. Rb1 b6 20. a4 Na5
21. Be2 f6 22. Rd1 e5 23. Bb5+ Nc6 24. Bc1 Nh6 25. Bxh6 gxh6 26. a5 Rd8 27.
axb6 axb6 28. f3 Rc8 29. h4 Kd8 30. Ba6 Rb8 31. d7 Ne7 32. Bb5 Ra8 33. Rd6 Rb8
34. Rxf6 Nd5 35. Rf8+ Ke7 36. Rxb8 1-0

[Event "Bill Wright Saint Louis Open "]
[Site "?"]
[Date "2010.04.11"]
[Round "4"]
[White "Gurevich, Dmitry"]
[Black "Hess, Robert L"]
[Result "0-1"]
[WhiteElo "2578"]
[BlackElo "2488"]
[PlyCount "138"]
[EventDate "2010.04.12"]
[SourceDate "2010.04.10"]

1. d4 Nf6 2. c4 e6 3. Nf3 Bb4+ 4. Nbd2 a5 5. a3 Bxd2+ 6. Bxd2 a4 7. Qc2 d5 8.
Bg5 c6 9. e3 Nbd7 10. Bd3 dxc4 11. Qxc4 h6 12. Bf4 Nd5 13. Bd6 N7b6 14. Qc5 Nc4
15. Qxc4 Qxd6 16. Ne5 O-O 17. O-O f6 18. Ng6 Rd8 19. Rad1 Ne7 20. f4 Nxg6 21.
Bxg6 Bd7 22. Rd2 Be8 23. Bb1 Qd5 24. Qc3 Bf7 25. h3 Qa5 26. Qc2 f5 27. Ba2 c5
28. Rfd1 cxd4 29. Rxd4 Rxd4 30. exd4 Qb6 31. Kh1 Rd8 32. Qc3 Rd6 33. Rd2 Rc6
34. Qe3 Rd6 35. Qe5 Qc6 36. Qe3 Qc1+ 37. Kh2 Rb6 38. Qe2 Rd6 39. Qf2 Qc7 40.
Qe3 Kh7 41. Qe5 Qd7 42. Rd3 Rb6 43. Rg3 Bg6 44. d5 exd5 45. Bxd5 Qd6 46. Qxd6
Rxd6 47. Bxb7 Rb6 48. Bc8 Rxb2 49. Bd7 Rf2 50. Rf3 Ra2 51. Bxa4 Bf7 52. Rd3 Bc4
53. Rg3 Bd5 54. Be8 g5 55. fxg5 f4 56. Rg4 f3 57. gxh6 f2 58. Bg6+ Kxh6 59. Rf4
Kxg6 60. Kg3 f1=Q 61. Rxf1 Rxg2+ 62. Kf4 Ra2 63. Rg1+ Kf6 64. Rg3 Be6 65. h4
Rh2 66. Rf3 Rxh4+ 67. Kg3+ Kg5 68. Re3 Bf5 69. Rc3 Rh3+ 0-1

[Event "Saint Louis Open"]
[Site "?"]
[Date "2010.04.11"]
[Round "4"]
[White "Giminez, Randy"]
[Black "Garnier, Joe"]
[Result "0-1"]
[WhiteElo "1800"]
[BlackElo "1950"]
[PlyCount "72"]
[EventDate "2010.??.??"]
[SourceDate "2010.04.10"]

1. d4 d5 2. Nf3 Nf6 3. e3 c5 4. b3 Nc6 5. h3 Bf5 6. Bb2 e6 7. Nbd2 Be7 8. a3
cxd4 9. exd4 h6 10. c4 O-O 11. c5 Ne4 12. Bd3 Nxf2 13. Kxf2 Bxd3 14. Nf1 Be4
15. N1d2 e5 16. b4 exd4 17. Re1 Bh4+ 18. g3 Bg5 19. Nxg5 Qxg5 20. Nxe4 dxe4 21.
Rxe4 Qf5+ 22. Qf3 Qxh3 23. Rh1 Qd7 24. b5 f5 25. Qb3+ Rf7 26. Re6 Na5 27. Qa2
Qxb5 28. Bxd4 Rd8 29. Rb1 Qd3 30. Be3 f4 31. gxf4 Nc4 32. Rg1 Nxe3 33. Rxe3 Qd4
34. Qe6 Qxf4+ 35. Kg2 Rd2+ 36. Re2 Qf3+ 0-1

[Event "Saint Louis Open (House Game)"]
[Site "?"]
[Date "2010.04.11"]
[Round "4"]
[White "Marler, Alex"]
[Black "Arun, Vikram"]
[Result "1-0"]
[WhiteElo "1825"]
[BlackElo "1833"]
[PlyCount "47"]
[EventDate "2010.04.11"]
[SourceDate "2010.04.10"]

1. e4 c6 2. d4 d5 3. exd5 cxd5 4. c4 Nf6 5. Nc3 Nc6 6. Nf3 Bg4 7. cxd5 Nxd5 8.
Qb3 Bxf3 9. gxf3 Nxc3 10. bxc3 Qc7 11. Rb1 Rb8 12. d5 Ne5 13. Bb5+ Nd7 14. Qa4
Qxc3+ 15. Kf1 Rd8 16. Bxd7+ Rxd7 17. Rxb7 Qd3+ 18. Ke1 Qc3+ 19. Ke2 Qe5+ 20.
Be3 Qd6 21. Rc1 Kd8 22. Qa5+ Ke8 23. Rc8+ Rd8 24. Qb5+ 1-0

[Event "Saint Louis Open"]
[Site "?"]
[Date "2010.04.11"]
[Round "4"]
[White "Parmet, Daniel"]
[Black "Vibbert, Sean"]
[Result "0-1"]
[WhiteElo "1959"]
[BlackElo "2110"]
[PlyCount "74"]
[EventDate "2010.??.??"]
[SourceDate "2010.04.10"]

1. e4 c5 2. Nf3 Nc6 3. Be2 g6 4. c3 d5 5. e5 d4 6. d3 Bg7 7. Bf4 e6 8. O-O Nge7
9. Re1 h6 10. Qc1 g5 11. Bg3 Ng6 12. Bf1 g4 13. Nfd2 Ncxe5 14. cxd4 cxd4 15.
Qc5 b6 16. Qb4 a5 17. Qa3 Bb7 18. Ne4 Bf8 19. Qb3 Bd5 20. Qa4+ Bc6 21. Qb3 a4
22. Qd1 Bg7 23. Nbd2 f5 24. Bxe5 Nxe5 25. Ng3 O-O 26. Rc1 Bd5 27. Nh5 Qg5 28.
Nxg7 Qxg7 29. Nc4 Nd7 30. Be2 Qg5 31. b3 b5 32. Nd6 axb3 33. axb3 Ra2 34. Rc7
Ne5 35. Qb1 Nf3+ 36. Bxf3 gxf3 37. g3 Rxf2 0-1

[Event "Saint Louis Open"]
[Site "?"]
[Date "2010.04.11"]
[Round "4"]
[White "Fan, Yun"]
[Black "Gadson, Isaiah"]
[Result "1-0"]
[WhiteElo "2079"]
[BlackElo "1963"]
[PlyCount "91"]
[EventDate "2010.??.??"]
[SourceDate "2010.04.10"]

1. e4 e6 2. d4 d5 3. exd5 exd5 4. Bd3 Nf6 5. Bf4 Bd6 6. Bxd6 Qxd6 7. Nf3 O-O 8.
O-O Bg4 9. Nbd2 Nbd7 10. h3 Bh5 11. c3 Rfe8 12. Qc2 Bg6 13. Rfe1 Kf8 14. Bxg6
hxg6 15. Ng5 Rxe1+ 16. Rxe1 Re8 17. Rxe8+ Kxe8 18. Ndf3 Ng8 19. Qe2+ Ne7 20. c4
dxc4 21. Qxc4 Qd5 22. b3 c6 23. Qe2 Qd6 24. Ne4 Qd5 25. Qe3 Kf8 26. Nc3 Qd6 27.
Qg5 Nf6 28. Qa5 a6 29. Qb6 Qd7 30. Ne5 Qc8 31. Na4 Nfd5 32. Qc5 Qc7 33. Nc3
Nxc3 34. Qxc3 f6 35. Nd3 Nd5 36. Qc2 Kf7 37. Nc5 a5 38. Qe4 Qc8 39. Qf3 b6 40.
Ne4 Qd7 41. h4 Kg8 42. Qg3 Kf7 43. Nd6+ Ke6 44. Nc4 Kf7 45. a3 Qf5 46. Nd6+ 1-0

[Event "Saint Louis Open"]
[Site "?"]
[Date "2010.04.11"]
[Round "4"]
[White "Melekhina, Alisa"]
[Black "Finegold, Benjamin"]
[Result "1-0"]
[WhiteElo "2320"]
[BlackElo "2621"]
[PlyCount "73"]
[EventDate "2010.??.??"]
[SourceDate "2010.04.10"]

1. e4 c6 2. d3 e5 3. Nf3 d6 4. d4 Nd7 5. c4 exd4 6. Qxd4 Ngf6 7. Nc3 Be7 8. h3
O-O 9. Be3 d5 10. cxd5 Bc5 11. Qd2 cxd5 12. exd5 Re8 13. Be2 Rxe3 14. fxe3 Qe8
15. Nd4 Qe5 16. O-O Nb6 17. d6 Bd7 18. Kh1 Re8 19. Rad1 Na4 20. Bd3 Nxc3 21.
bxc3 Nh5 22. Rf2 Bxd6 23. Nf3 Qg3 24. Bxh7+ Kxh7 25. Qxd6 Ba4 26. Qd3+ Kg8 27.
Rdd2 Bc6 28. Kg1 Nf6 29. Rf1 Ne4 30. Rb2 Nc5 31. Qd2 Ne4 32. Qe1 Qg6 33. Nd4
Bd7 34. Rf3 Nc5 35. Qg3 Qd3 36. Qf4 Rf8 37. Qc7 1-0

[Event "Saint Louis Open"]
[Site "?"]
[Date "2010.04.11"]
[Round "4"]
[White "Roush, John"]
[Black "Coryea, Dan"]
[Result "1/2-1/2"]
[WhiteElo "1806"]
[BlackElo "1800"]
[PlyCount "127"]
[EventDate "2010.??.??"]
[SourceDate "2010.04.10"]

1. c4 f5 2. Nc3 Nf6 3. Nf3 e6 4. a3 Be7 5. e3 O-O 6. d4 b6 7. Bd3 Bb7 8. Qc2
Qe8 9. e4 Qg6 10. Ng5 fxe4 11. Ncxe4 Nxe4 12. Bxe4 Bxe4 13. Qxe4 Qxe4+ 14. Nxe4
d5 15. cxd5 exd5 16. Nc3 c6 17. O-O Nd7 18. Be3 a5 19. Rac1 Rac8 20. a4 Nf6 21.
f3 Ne8 22. Nxd5 Bd8 23. Rc2 Rf5 24. Nf4 Bg5 25. g3 Nf6 26. Ng2 Nd5 27. Bxg5
Rxg5 28. f4 Rg6 29. Re1 Rd6 30. Rc4 Rcd8 31. Kf2 Nb4 32. Rd1 c5 33. Ne1 Nc6 34.
Nf3 Nxd4 35. Nxd4 cxd4 36. Rd3 R8d7 37. Kf3 Kf7 38. f5 Kf6 39. Kf4 g5+ 40. fxg6
hxg6 41. h4 b5 42. axb5 Rd5 43. Rc6+ Kf7 44. b6 Rb5 45. b3 Rb7 46. Rc7+ Rxc7
47. bxc7 Rc5 48. Rxd4 Rxc7 49. Rd5 Rb7 50. Rxa5 Rxb3 51. g4 Rb7 52. Kg5 Kg7 53.
h5 gxh5 54. Kxh5 Rc7 55. Rf5 Ra7 56. g5 Rb7 57. g6 Rb1 58. Rf7+ Kg8 59. Rf5
Rh1+ 60. Kg5 Kg7 61. Rf7+ Kg8 62. Rf4 Kg7 63. Rg4 Ra1 64. Kh5 1/2-1/2

[Event "Saint Louis Open"]
[Site "?"]
[Date "2010.04.11"]
[Round "4"]
[White "Krush, Irina"]
[Black "Ramirez, Alejandro"]
[Result "0-1"]
[WhiteElo "2500"]
[BlackElo "2605"]
[PlyCount "66"]
[EventDate "2010.??.??"]
[SourceDate "2010.04.10"]

1. c4 c5 2. Nf3 Nc6 3. d4 cxd4 4. Nxd4 g6 5. e4 Bg7 6. Be3 Nf6 7. Nc3 d6 8. Be2
O-O 9. O-O Bd7 10. Nc2 a5 11. f3 a4 12. Qd2 Qa5 13. Rab1 Rfc8 14. Rfc1 Be6 15.
Bf1 Nd7 16. Na3 f5 17. exf5 Bxf5 18. Bd3 Be6 19. Be2 Nce5 20. Nd5 Qxd2 21. Bxd2
Bxd5 22. cxd5 Nb6 23. f4 Ned7 24. Nb5 Nxd5 25. Bg4 Rxc1+ 26. Rxc1 Nc5 27. Rc2
Rd8 28. g3 Kf7 29. Kf1 b6 30. Ke2 e5 31. fxe5 dxe5 32. Be1 Bh6 33. Bf2 Nb4 0-1

[Event "Saint Louis Open"]
[Site "?"]
[Date "2010.04.11"]
[Round "4"]
[White "Johnson, Kevin Dale"]
[Black "Criss, Nathaniel"]
[Result "0-1"]
[WhiteElo "2000"]
[BlackElo "1940"]
[PlyCount "66"]
[EventDate "2010.??.??"]
[SourceDate "2010.04.10"]

1. d4 e6 2. e4 d5 3. Nc3 Nf6 4. Bg5 Be7 5. exd5 exd5 6. Qd2 O-O 7. O-O-O c6 8.
Kb1 b5 9. Bd3 Nbd7 10. f3 Nb6 11. h4 Nc4 12. Qf2 Qa5 13. Bc1 Rb8 14. g4 Rb6 15.
a3 Bxa3 16. Na2 Bd6 17. c3 Ra6 18. b4 Qc7 19. h5 Bf4 20. Bxf4 Qxf4 21. Ne2 Qe3
22. Qg2 Nd2+ 23. Rxd2 Qxd2 24. Nac1 Re8 25. g5 Nd7 26. g6 fxg6 27. h6 Nf8 28.
Qh2 gxh6 29. Qc7 Rxe2 30. Bxe2 Bf5+ 31. Bd3 Bxd3+ 32. Nxd3 Qxd3+ 33. Kb2 Qe2+
0-1

[Event "Saint Louis Open"]
[Site "?"]
[Date "2010.04.11"]
[Round "4"]
[White "Hua, Margaret"]
[Black "Phillips, Daymion"]
[Result "1-0"]
[WhiteElo "1777"]
[BlackElo "1493"]
[PlyCount "73"]
[EventDate "2010.??.??"]
[SourceDate "2010.04.10"]

1. e4 d5 2. exd5 Nf6 3. Nf3 Qxd5 4. Nc3 Qd6 5. d4 a6 6. a3 g6 7. Be3 Bg7 8. Qd2
h6 9. Bd3 b5 10. Bf4 Qe6+ 11. Ne2 Nbd7 12. Bxc7 Bb7 13. Qe3 Qc6 14. Bg3 Nb6 15.
c3 Nbd5 16. Qd2 Rc8 17. Ne5 Qb6 18. O-O O-O 19. Nf4 Nxf4 20. Bxf4 Kh7 21. f3
Rcd8 22. Kh1 Nd5 23. Bg3 h5 24. Qg5 Bxe5 25. Qxh5+ Kg8 26. Qxe5 f6 27. Qe4 f5
28. Qh4 Rf7 29. Be5 Rh7 30. Qg3 Rf8 31. Rae1 Bc8 32. Bc2 Rh6 33. Bb3 Bb7 34.
Bf4 Rh5 35. Rxe7 Ba8 36. Rfe1 Qc6 37. Bxd5+ 1-0